[Event "Warsaw Maciei Memorial"]
[Site "Warsaw"]
[Date "2025.07.07"]
[Round "9"]
[White "Kanarek, Marcel"]
[Black "Kutowski, Marcel"]
[Result "1-0"]
[WhiteElo "2478"]
[BlackElo "2282"]
[PlyCount "102"]
[EventDate "2025.07.07"]
[EventType "swiss (blitz)"]
[EventRounds "11"]
[EventCountry "POL"]
[SourceTitle "CB28_2025"]
[SourceDate "2025.07.09"]
[SourceVersion "1"]
[SourceVersionDate "2025.07.09"]
[SourceQuality "1"]

1. e4 c5 2. Nf3 d6 3. d4 cxd4 4. Nxd4 Nf6 5. Nc3 a6 6. a4 e5 7. Nf3 Be7 8. Bg5 Nbd7 9. Bc4 0-0 10. 0-0 Qc7 11. Bb3 h6 12. Bxf6 Nxf6 13. Nd5 Nxd5 14. Bxd5 Be6 15. Ra3 Rac8 16. c3 Qa5 17. Bxb7 Rb8 18. b4 Qc7 19. Bd5 a5 20. b5 Qc5 21. Rb3 Bg4 22. h3 Bh5 23. Qd3 Rfc8 24. Re1 Kh8 25. Reb1 Rb6 26. c4 Bd8 27. Nh2 Rbb8 28. Ng4 Bb6 29. Ne3 Bg6 30. R1b2 Rf8 31. Nf5 Qc7 32. Qf3 Qd8 33. Rd3 Qg5 34. Rbd2 Bc5 35. h4 Qf6 36. h5 Bh7 37. Qg4 Bxf5 38. Qxf5 Qxf5 39. exf5 f6 40. Re2 Rb6 41. Kh2 Rbb8 42. Kh3 Rb6 43. Kg4 Rbb8 44. Kf3 Rfe8 45. Ke4 Red8 46. Be6 Bb4 47. Rd5 Bc5 48. f3 Bb4 49. Bf7 Bc5 50. Be6 Bb4 51. f4 exf4 1-0

[Event "Warsaw Maciei Memorial"]
[Site "Warsaw"]
[Date "2025.07.07"]
[Round "11"]
[White "Kutowski, Marcel"]
[Black "Hamitevici, Vladimir"]
[Result "0-1"]
[WhiteElo "2282"]
[BlackElo "2427"]
[PlyCount "119"]
[EventDate "2025.07.07"]
[EventType "swiss (blitz)"]
[EventRounds "11"]
[EventCountry "POL"]
[SourceTitle "CB28_2025"]
[SourceDate "2025.07.09"]
[SourceVersion "1"]
[SourceVersionDate "2025.07.09"]
[SourceQuality "1"]

1. e4 g6 2. d4 d6 3. g3 Bg7 4. Bg2 Nc6 5. Ne2 e5 6. d5 Nce7 7. 0-0 Nf6 8. c4 a5 9. Nbc3 0-0 10. h3 Nd7 11. f4 f5 12. Kh2 Nc5 13. fxe5 Bxe5 14. Bh6 Rf7 15. Bf4 Bg7 16. Qd2 fxe4 17. Nxe4 Nxe4 18. Bxe4 Nf5 19. Rae1 Qf8 20. Bg2 a4 21. Nc3 Bd7 22. a3 h6 23. Qd3 g5 24. Bd2 Be5 25. Rxe5 dxe5 26. Re1 Re8 27. Ne4 Nd4 28. Bb4 Nf3+ 29. Bxf3 Rxf3 30. Bxf8 Rxd3 31. Bxh6 Kh7 32. Bxg5 Kg6 33. Be3 b6 34. g4 Rb3 35. Re2 Rf8 36. Nc3 Rf3 37. Kg2 e4 38. Bd4 Rd3 39. Be5 b5 40. c5 b4 41. axb4 Rxb4 42. c6 Bc8 43. Nxe4 Rxd5 44. Bxc7 Rc4 45. Nc3 Rdc5 46. Bg3 Rxc6 47. Be1 Bb7 48. Kg3 Rd4 49. h4 Rd3+ 50. Kh2 Rc4 51. h5+ Kf7 52. Rf2+ Kg8 53. Rg2 Bxg2 54. Kxg2 Rxg4+ 55. Kf2 Rb4 56. Ke2 Rh3 57. Kd1 Rxh5 58. Kc2 Rh2+ 59. Bd2 Rd4 60. Nb1 0-1

[Event "Warsaw Maciei Memorial"]
[Site "Warsaw"]
[Date "2025.07.07"]
[Round "5"]
[White "Malek, Jan"]
[Black "Kutowski, Marcel"]
[Result "1-0"]
[WhiteElo "2499"]
[BlackElo "2282"]
[PlyCount "49"]
[EventDate "2025.07.07"]
[EventType "swiss (blitz)"]
[EventRounds "11"]
[EventCountry "POL"]
[SourceTitle "CB28_2025"]
[SourceDate "2025.07.09"]
[SourceVersion "1"]
[SourceVersionDate "2025.07.09"]
[SourceQuality "1"]

1. d4 Nf6 2. Bg5 e6 3. e4 h6 4. Bxf6 Qxf6 5. Nc3 d6 6. Qd2 g6 7. f4 Bg7 8. Nf3 a6 9. 0-0-0 Nd7 10. h4 b5 11. e5 Qe7 12. Bd3 Bb7 13. Kb1 0-0-0 14. Be4 d5 15. Bd3 c5 16. Bxb5 axb5 17. Nxb5 Nb8 18. dxc5 Qxc5 19. Nfd4 Bf8 20. Rh3 Nc6 21. Rc3 Qb6 22. Nxc6 Kd7 23. Nxd8 Bb4 24. Rc7+ Qxc7 25. Qxb4 1-0

[Event "POL-chT U20 1st League"]
[Site "Chotowa"]
[Date "2025.06.21"]
[Round "8.19"]
[White "Kutowski, Marcel"]
[Black "Przybylski, Jan"]
[Result "1-0"]
[WhiteElo "2230"]
[BlackElo "2009"]
[PlyCount "57"]
[EventDate "2025.06.14"]
[EventType "team-swiss"]
[EventRounds "9"]
[EventCountry "POL"]
[SourceTitle "CB26_2025"]
[SourceDate "2025.06.25"]
[SourceVersion "1"]
[SourceVersionDate "2025.06.25"]
[SourceQuality "1"]
[WhiteTeam "Chrzanow"]
[BlackTeam "Czerwionka Leszczyny"]
[WhiteTeamCountry "POL"]
[BlackTeamCountry "POL"]

1. e4 e6 2. d4 d5 3. Nc3 Bb4 4. Nge2 Nf6 5. e5 Ne4 6. a3 Bxc3+ 7. Nxc3 Nxc3 8. bxc3 c5 9. Qg4 Kf8 10. h4 Nc6 11. Rh3 Ne7 12. Bg5 h6 13. Bxe7+ Qxe7 14. Rg3 Rg8 15. Bd3 g6 16. Qf4 g5 17. Qg4 c4 18. Be2 Rg6 19. Rf3 Kg8 20. h5 Rg7 21. Rf6 Kh7 22. Kd2 Bd7 23. f4 Rag8 24. Rf1 Qxa3 25. Qg3 b5 26. Bd3+ cxd3 27. Qxd3+ Rg6 28. Rxf7+ Kh8 29. hxg6 1-0

[Event "POL-ch Rapid"]
[Site "Lublin"]
[Date "2024.10.05"]
[Round "6"]
[White "Kutowski, Marcel"]
[Black "Kanicki, Krzysztof"]
[Result "1-0"]
[WhiteElo "2258"]
[BlackElo "2120"]
[PlyCount "135"]
[EventDate "2024.10.05"]
[EventType "swiss (rapid)"]
[EventRounds "9"]
[EventCountry "POL"]
[SourceTitle "CB45_2024"]
[Source "ChessBase"]
[SourceDate "2024.11.06"]
[SourceVersion "1"]
[SourceVersionDate "2024.11.06"]
[SourceQuality "1"]

1. e4 c5 2. Nf3 Nc6 3. Nc3 d6 4. Bb5 Bd7 5. 0-0 a6 6. Bxc6 Bxc6 7. d4 cxd4 8. Nxd4 Bd7 9. Qf3 e6 10. Rd1 Qc7 11. a4 Nf6 12. Bg5 Be7 13. Qd3 0-0 14. Nde2 Rfd8 15. Bxf6 Bxf6 16. Qxd6 Qa5 17. Qg3 Bc6 18. Qe3 Qb4 19. b3 g6 20. h3 b5 21. axb5 axb5 22. Rxa8 Rxa8 23. e5 Be7 24. Nd4 Ra6 25. Nxc6 Rxc6 26. Rd3 Qc5 27. Qxc5 Rxc5 28. f4 b4 29. Ne4 Rxc2 30. Rd7 Kf8 31. Rd3 Re2 32. Ng3 Rc2 33. Ne4 Re2 34. Nf6 h5 35. Kf1 Rc2 36. Ne4 Ke8 37. Rd2 Rc6 38. Ke2 Rc7 39. Kd3 Rc6 40. Rc2 Ra6 41. g4 hxg4 42. hxg4 Ra1 43. Kc4 Rf1 44. Rf2 Re1 45. Kd3 Rg1 46. g5 Kd7 47. Kc4 Rc1+ 48. Kd3 Rh1 49. Rd2 Rh3+ 50. Kc4+ Kc6 51. Nd6 Rf3 52. Rd4 Bxd6 53. Rxd6+ Kc7 54. Rd4 Rf1 55. Kxb4 Ra1 56. Kb5 Ra2 57. b4 Ra1 58. Kc5 Rc1+ 59. Rc4 Rd1 60. b5 Rd5+ 61. Kb4+ Kb6 62. Rc6+ Kb7 63. Rd6 Rxd6 64. exd6 Kb6 65. Kc4 Kb7 66. Kd4 Kb6 67. Ke5 Kxb5 68. d7 1-0

[Event "POL-ch Rapid"]
[Site "Lublin"]
[Date "2024.10.05"]
[Round "8"]
[White "Kutowski, Marcel"]
[Black "Rog, Bartlomiej"]
[Result "1-0"]
[WhiteElo "2258"]
[BlackElo "2257"]
[PlyCount "69"]
[EventDate "2024.10.05"]
[EventType "swiss (rapid)"]
[EventRounds "9"]
[EventCountry "POL"]
[SourceTitle "CB45_2024"]
[Source "ChessBase"]
[SourceDate "2024.11.06"]
[SourceVersion "1"]
[SourceVersionDate "2024.11.06"]
[SourceQuality "1"]

1. e4 e5 2. Nf3 Nc6 3. Bb5 Nge7 4. c3 d5 5. d3 Qd6 6. 0-0 Bg4 7. Nbd2 0-0-0 8. exd5 Qxd5 9. Bc4 Qd7 10. Bxf7 Qxd3 11. Bc4 Qd7 12. Qc2 Ng6 13. Ng5 Na5 14. Bf7 Be7 15. Nde4 Bf5 16. b4 Bxg5 17. Bxg5 Rdf8 18. Bxg6 Bxg6 19. bxa5 Qg4 20. f3 Qxg5 21. Nxg5 Bxc2 22. Rfe1 Rf5 23. Ne6 Kd7 24. Nc5+ Kc6 25. Nb3 Rd8 26. Re2 Bxb3 27. axb3 Rd3 28. Rc1 e4 29. fxe4 Rxa5 30. e5 Kd7 31. e6+ Ke8 32. Rf1 Rdd5 33. Rf7 Ra1+ 34. Kf2 Rg5 35. e7 1-0

[Event "EU-ch U18"]
[Site "Prague"]
[Date "2024.08.29"]
[Round "7"]
[White "Kovalskyi, Roman"]
[Black "Kutowski, Marcel"]
[Result "1/2-1/2"]
[WhiteElo "2108"]
[BlackElo "2263"]
[PlyCount "100"]
[EventDate "2024.08.22"]
[EventType "swiss"]
[EventRounds "9"]
[EventCountry "CZE"]
[SourceTitle "CBM 221 Extra"]
[Source "ChessBase"]
[SourceDate "2024.09.30"]
[SourceVersion "1"]
[SourceVersionDate "2024.09.30"]
[SourceQuality "1"]

1. e4 c6 2. Nc3 d5 3. Nf3 dxe4 4. Nxe4 Nf6 5. Qe2 Nxe4 6. Qxe4 Nd7 7. Bc4 Nf6 8. Qf4 Qd6 9. d3 Qxf4 10. Bxf4 Bf5 11. 0-0 Nd5 12. Be3 e6 13. Bd4 f6 14. Rfe1 Kd7 15. Nd2 e5 16. Be3 Nxe3 17. fxe3 b5 18. Bb3 Bb4 19. Re2 Kc7 20. Rf2 Bg6 21. Nf3 Bc5 22. Re1 e4 23. Nh4 exd3 24. Nxg6 d2 25. Rxd2 hxg6 26. h3 Rae8 27. Kf2 Re7 28. Rd3 Rh4 29. Kf3 f5 30. Rd2 Rhe4 31. Rde2 g5 32. g4 g6 33. c3 Rh7 34. Bc2 Re5 35. Kg2 Rh4 36. gxf5 gxf5 37. Bd3 Kd6 38. Rf1 Ke6 39. Ref2 f4 40. exf4 gxf4 41. Rxf4 Rg5+ 42. Rg4 Rhxg4+ 43. hxg4 Rxg4+ 44. Kf3 Rg7 45. Be4 Kd6 46. Rd1+ Kc7 47. Ke2 Rg4 48. Bf3 Rg6 49. Rh1 Re6+ 50. Kd2 Re7 1/2-1/2

[Event "EU-ch U18"]
[Site "Prague"]
[Date "2024.08.25"]
[Round "4"]
[White "Gasparyan, Erik R"]
[Black "Kutowski, Marcel"]
[Result "1/2-1/2"]
[WhiteElo "2350"]
[BlackElo "2263"]
[PlyCount "52"]
[EventDate "2024.08.22"]
[EventType "swiss"]
[EventRounds "9"]
[EventCountry "CZE"]
[SourceTitle "CBM 221 Extra"]
[Source "ChessBase"]
[SourceDate "2024.09.30"]
[SourceVersion "1"]
[SourceVersionDate "2024.09.30"]
[SourceQuality "1"]

1. d4 Nf6 2. c4 e6 3. Nf3 d5 4. Nc3 c5 5. cxd5 cxd4 6. Qxd4 exd5 7. Bg5 Be7 8. e3 0-0 9. Be2 Nc6 10. Qd3 Be6 11. 0-0 h6 12. Bh4 Qb6 13. Nb5 Rac8 14. Nbd4 Bd7 15. Rfd1 Rfd8 16. Bf1 g5 17. Bg3 Ne4 18. Qb3 Qxb3 19. axb3 Nxg3 20. hxg3 Bf6 21. Rd2 g4 22. Nxc6 bxc6 23. Nd4 Rc7 24. Ra6 Rb8 25. Be2 Bg7 26. Bd1 h5 1/2-1/2

[Event "EU-ch U18 blitz"]
[Site "Prague"]
[Date "2024.08.19"]
[Round "4"]
[White "Kutowski, Marcel"]
[Black "Szikszai, Bertalan"]
[Result "1-0"]
[WhiteElo "2263"]
[BlackElo "2278"]
[PlyCount "79"]
[EventDate "2024.08.19"]
[EventType "swiss (blitz)"]
[EventRounds "18"]
[EventCountry "CZE"]
[SourceTitle "CBM 221 Extra"]
[Source "ChessBase"]
[SourceDate "2024.09.30"]
[SourceVersion "1"]
[SourceVersionDate "2024.09.30"]
[SourceQuality "1"]

1. e4 c5 2. Nf3 d6 3. d4 cxd4 4. Nxd4 Nf6 5. Nc3 a6 6. Rg1 b5 7. g4 Bb7 8. Bg2 e6 9. g5 Nfd7 10. h4 Nc6 11. Nxc6 Bxc6 12. Be3 b4 13. Ne2 Be7 14. Nd4 Bb7 15. Qd2 Qc7 16. h5 g6 17. hxg6 hxg6 18. 0-0-0 e5 19. Nb3 a5 20. Kb1 Nb6 21. Bxb6 Qxb6 22. Nc1 Kf8 23. Nd3 Kg7 24. f4 Rh5 25. Bf3 Rh3 26. Bg4 Re3 27. Rde1 Rxe4 28. f5 Rxe1+ 29. Qxe1 gxf5 30. Bxf5 Rh8 31. Rf1 Qd4 32. g6 f6 33. Nf4 Qb6 34. Ne6+ Kg8 35. g7 Rh6 36. Qd2 Rh5 37. Bg6 Rh3 38. Qe2 Bd5 39. Qg4 Rh6 40. Bf7+ 1-0

[Event "EU-ch U18 rapid"]
[Site "Prague"]
[Date "2024.08.17"]
[Round "2"]
[White "Palczert, Matyas"]
[Black "Kutowski, Marcel"]
[Result "1-0"]
[WhiteElo "2341"]
[BlackElo "2263"]
[PlyCount "85"]
[EventDate "2024.08.17"]
[EventType "swiss (rapid)"]
[EventRounds "9"]
[EventCountry "CZE"]
[SourceTitle "CBM 221 Extra"]
[Source "ChessBase"]
[SourceDate "2024.09.30"]
[SourceVersion "1"]
[SourceVersionDate "2024.09.30"]
[SourceQuality "1"]

1. e4 c5 2. Nf3 d6 3. Bb5+ Bd7 4. c4 Nf6 5. Nc3 g6 6. 0-0 Bg7 7. d4 cxd4 8. Nxd4 Nc6 9. Bxc6 bxc6 10. c5 0-0 11. h3 Rb8 12. Nb3 Be6 13. Bf4 Bc4 14. Re1 e5 15. Bh2 Ne8 16. Qd2 Bxb3 17. axb3 Qe7 18. Qc2 dxc5 19. Na4 Nd6 20. Qxc5 Rxb3 21. Red1 Nc8 22. Qxc6 Nb6 23. Qc2 Rb4 24. Nc3 Rd4 25. Bg3 h5 26. Rxd4 exd4 27. Nb5 Rc8 28. Qd3 Qb4 29. b3 a5 30. Bd6 Rc3 31. Nxc3 Qxc3 32. Qxc3 dxc3 33. Rxa5 Bd4 34. Ba3 Nd7 35. Ra8+ Kg7 36. Rd8 Bc5 37. Rxd7 Bxa3 38. Rc7 Bb2 39. Kf1 Kf6 40. Ke2 Ke5 41. Kd3 f5 42. exf5 gxf5 43. Rxc3 1-0

[Event "Krakow op"]
[Site "Krakow"]
[Date "2024.06.24"]
[Round "4"]
[White "Eliseev, Sergey1"]
[Black "Kutowski, Marcel"]
[Result "0-1"]
[WhiteElo "2296"]
[BlackElo "2230"]
[PlyCount "86"]
[EventDate "2024.06.22"]
[EventType "swiss"]
[EventRounds "9"]
[EventCountry "POL"]
[SourceTitle "CBM 220 Extra"]
[Source "ChessBase"]
[SourceDate "2024.07.31"]
[SourceVersion "1"]
[SourceVersionDate "2024.07.31"]
[SourceQuality "1"]

1. e4 c5 2. Nf3 d6 3. d4 cxd4 4. Nxd4 Nf6 5. Nc3 a6 6. a4 e5 7. Nf3 h6 8. g3 Be7 9. Bg2 Be6 10. 0-0 0-0 11. Re1 Qc7 12. Be3 Nbd7 13. Nh4 Rfc8 14. Nf5 Bf8 15. Qf3 b5 16. axb5 axb5 17. Rac1 b4 18. Nd5 Bxd5 19. exd5 Ra2 20. b3 e4 21. Qd1 Rxc2 22. Qd4 Qc3 23. Qxc3 R2xc3 24. Rb1 Ne5 25. Bd4 Rd3 26. Bxe4 Nxe4 27. Rxe4 Nf3+ 28. Kg2 g6 29. Re3 Rxd4 30. Nxd4 Nxd4 31. Re4 Bg7 32. Re7 Nf5 33. Re4 Bc3 34. Rd1 Kf8 35. Kf3 Rc5 36. Rc4 Rxc4 37. bxc4 Nd4+ 38. Ke4 Nb3 39. Kd3 Nc5+ 40. Kc2 Bf6 41. f4 b3+ 42. Kb1 Ne4 43. Rd3 Bc3 0-1

[Event "Katowice Silesia 100th Ann op"]
[Site "Katowice"]
[Date "2024.04.28"]
[Round "10"]
[White "Tomczak, Jacek"]
[Black "Kutowski, Marcel"]
[Result "0-1"]
[WhiteElo "2584"]
[BlackElo "2232"]
[PlyCount "69"]
[EventDate "2024.04.27"]
[EventType "swiss (rapid)"]
[EventRounds "11"]
[EventCountry "POL"]
[SourceTitle "CBM 220 Extra"]
[Source "ChessBase"]
[SourceDate "2024.07.31"]
[SourceVersion "1"]
[SourceVersionDate "2024.07.31"]
[SourceQuality "1"]

1. e4 c5 2. Nf3 d6 3. d4 cxd4 4. Nxd4 Nf6 5. Nc3 a6 6. Bc4 e6 7. Bb3 Be7 8. f4 0-0 9. Qf3 Qc7 10. 0-0 Nc6 11. Be3 Nxd4 12. Bxd4 b5 13. e5 Bb7 14. exf6 Bxf3 15. fxe7 Qxe7 16. Rxf3 d5 17. f5 Qd6 18. Re1 Rfe8 19. fxe6 fxe6 20. Rfe3 Rad8 21. Nd1 Rd7 22. Nf2 Rf7 23. Nd3 Rf5 24. c3 Qf8 25. Bd1 h5 26. Bf3 Qf7 27. Ne5 Qf6 28. b4 Qg5 29. Bd1 Ref8 30. Nf3 Qg4 31. h3 Qf4 32. Bc2 R5f7 33. Bg6 Rd7 34. Bxh5 Qf5 35. Bg4 0-1

[Event "POL-ch Rapid"]
[Site "Lublin"]
[Date "2023.10.07"]
[Round "9"]
[White "Kutowski, Marcel"]
[Black "Raczek, Krzysztof"]
[Result "0-1"]
[WhiteElo "2190"]
[BlackElo "2362"]
[PlyCount "114"]
[EventDate "2023.10.07"]
[EventType "swiss (rapid)"]
[EventRounds "9"]
[EventCountry "POL"]
[SourceTitle "CBM 216 Extra"]
[Source "ChessBase"]
[SourceDate "2023.11.30"]
[SourceVersion "1"]
[SourceVersionDate "2023.11.30"]
[SourceQuality "1"]

1. e4 c5 2. Nf3 Nc6 3. Nc3 g6 4. Bb5 Bg7 5. 0-0 d6 6. Re1 Bd7 7. a4 Nf6 8. e5 dxe5 9. Nxe5 Nxe5 10. Rxe5 a6 11. Bxd7+ Nxd7 12. Re1 0-0 13. d3 Nf6 14. a5 Rc8 15. Qf3 Qd7 16. Bf4 Rfd8 17. Be5 Qc6 18. Qxc6 Rxc6 19. Ra4 Re6 20. Kf1 Ne8 21. Bxg7 Nxg7 22. Rc4 Rxe1+ 23. Kxe1 Ne6 24. Ne4 Rd5 25. g3 Kf8 26. Nc3 Rd6 27. Ne4 Rc6 28. c3 Ke8 29. Kd1 Kd7 30. Kc2 Rc7 31. f4 Kc6 32. Nd2 Kb5 33. Nb3 f5 34. Kd2 Rd7 35. Ke3 h6 36. h4 Rd8 37. Ke2 Rd5 38. Ke3 Nd8 39. Nd2 Nc6 40. b4 cxb4 41. cxb4 Rd7 42. Nb3 Nxb4 43. Rc5+ Ka4 44. Nd4 Nd5+ 45. Kd2 Kb4 46. Ne6 Rd6 47. Rc4+ Kxa5 48. Nc5 Kb6 49. d4 Ka7 50. Rc1 Nb4 51. Ke3 Nc6 52. Nb3 a5 53. Rc4 b5 54. Rc5 Kb6 55. h5 a4 56. Nd2 Nxd4 57. Re5 Nc6 0-1